| 000 | 01538nam a22002417a 4500 | ||
|---|---|---|---|
| 003 | DO-SdBJH | ||
| 005 | 20240823144146.0 | ||
| 008 | 240823b |||||||| |||| 00| 0 spa d | ||
| 040 |
_aDO-SdBJH _bspa _cDO-SdBJH |
||
| 090 |
_aTG ANGM _b02104 2022 |
||
| 100 | 1 |
_aCastro Moni, Gregory _esustentante |
|
| 245 | 1 | 0 |
_aImpacto del cambio climático en las zonas costeras de la República Dominicana, accionar a tomar, rol de la Armada de República Dominica /na _c Gregory Castro Moni, Eliezer Garrido Santana, asesores Carlos Pineda Fernández, Gertrudis Perera Rodríguez |
| 260 |
_aSanto Domingo Este : _bINSUDE, _c2022 |
||
| 300 | _aviii, 44 páginas | ||
| 502 | _aTrabajo de grado (Licenciado en Ciencias Navales). -- Instituto Superior para la Defensa (INSUDE). Academia Naval Marina de Guerra “Vicealmirante Cesar D’Windt Lavandier”, 2022 | ||
| 504 | _aIncluye referencias bibliográficas e índices | ||
| 505 | _aRecursos costeros que están en mayor riesgo de sufrir los impactos negativos del cambio climático. -- Rol de la Armada de República Dominicana ante cambio climático en las zonas costeras. -- La planificación de una estrategia para hacerle frente a estas vulnerabilidades del cambio climático | ||
| 700 | 1 |
_aGarrido Santana, Eliezer _esustentante |
|
| 700 | 1 |
_aPineda Fernández, Carlos _easesor |
|
| 700 | 1 |
_aPerera Rodríguez, Gertrudis _easesor |
|
| 830 | _aINSUDE. Academia Naval Marina de Guerra “Vicealmirante Cesar D’Windt Lavandier”. Tesis y disertaciones académicas | ||
| 942 |
_2CL _cT |
||
| 999 |
_c7812 _d7812 |
||